| 000 | 012830000a22004330004500 | ||
|---|---|---|---|
| 003 | LK-CoMWRAF | ||
| 008 | 230817t ||||| |||| 00| 0 eng d | ||
| 040 |
_aLK-CoMWRAF _dLK-CoMWRAF _eLK-CoMWRAF |
||
| 041 | _aeng | ||
| 082 |
_a910 _bNAD |
||
| 100 | _aNadwi, Abul Hasan Ali | ||
| 245 |
_aGlory of Iqbal _b |
||
| 260 |
_bHaji Arfeen Academy _aPakistan (Karachi 18) _c1987 |
||
| 300 | _ap.232 | ||
| 650 | _aArdour and Eagerness | ||
| 650 | _aArt and Architecture | ||
| 650 | _aAt the Door-Step of the Prophet | ||
| 650 | _aBiographical Sketch | ||
| 650 | _aComplaint and Prayer | ||
| 650 | _aEcho of Paganism | ||
| 650 | _aFormative Factors | ||
| 650 | _aHistorical Truths and Allusions in Iqbal's Poetry | ||
| 650 | _aIn Afghanistan | ||
| 650 | _aKnowledge and Learning | ||
| 650 | _aLamentation of Abu Jahl | ||
| 650 | _aModern Education | ||
| 650 | _aMosque of Cordova | ||
| 650 | _aMy Acquaintance with Iqbal and his Art | ||
| 650 | _aPerfect Man | ||
| 650 | _aPlace of the True Believer | ||
| 650 | _aPrayer of Tariq | ||
| 650 | _aProblem of Palestine | ||
| 650 | _aSatan's Advisory Council | ||
| 650 | _aTo the Arab Lands | ||
| 650 | _aTo the Saqi | ||
| 650 | _aWestren Civilization | ||
| 650 | _aWith Jamaluddin Afghani | ||
| 942 | _cBK | ||
| 999 |
_c1863 _d1863 |
||